00471nam a2200205Ia 4500003000900000008004100009040001300050040001300063041000800076100001800084100000900102245006000111250001100171260001600182260000900198300001100207300001200218490002700230490000800257IT-RoPAU120407s9999 xx 000 0 und d aIT-RoPAU cIT-RoPAU aita aDaniel Lerner ccur. aQualità€ e quantità€ e altre categorie della scienza. aTorino aBoringhieri c1971 a268 p. c19,5 cm aUniversale scientifica v168